LEADER 01373nam a2200265 4500 001 000000350089 003 CaOOAMICUS 005 20220523155815.0 008 220427s2010 it 000 u ita r 040 $aSeMil$bita 100 1 $aAretino, Pietro,$d<1492-1556>.$0(OLS)http://semarc/name/6086 245 13$aLa cortigiana ; Opera nova ; Pronostico ; Testamento dell'elefante ; Farza / $cPietro Aretino ; a cura di Angelo Romano ; introduzione di Giovanni Aquilecchia. 264 3$aMilano :$bBUR Rizzoli,$c2010. 300 $a425 p. ;$c19 cm 490 1 $aBUR Rizzoli. I grandi classici della letteratura italiana ;$v21 650 4$aAretino, Pietro <1492-1556> - Opere.$0(OLS)http://semarc/subject/7580 700 1 $aRomano, Angelo,$d<1955- >.$0(OLS)http://semarc/name/78439 700 1 $aAquilecchia, Giovanni,$d<1923-2001>.$0(OLS)http://semarc/name/4303 830 0$aBUR Rizzoli. I grandi classici della letteratura italiana ;$v21.$0(OLS)http://semarc/title/439762 850 $aSeMil 852 $aSeMil$W1$xVenegono$y1$m1B I 252$j232826$B241107$CSeMilBibl$Z2$F241107 $81 961 $aPontiggia don Virginio - Omaggio 996 $6245$aLa cortigiana ; Opera nova ; Pronostico ; Testamento dell'elefante ; Farza / $9(OLS)http://semarc/title/439767 996 $6264$aMilano :$bBUR Rizzoli$9(OLS)http://semarc/publisher/52829 LEADER 01509nam a2200301 i 4500 001 000000073471 003 CaOOAMICUS 005 20090702000000.0 008 090702s1962 be u000 u mul u 013 $a44643 040 $aSeMil$bita 245 13$aUn traité de morale économique au 14. siècle :$ble Tractatus de usuris de maître Alexandre d'Alexandrie /$ctexte publié et commenté par A.-M. Hamelin. 260 $aLouvain :$bNauwelaerts,$c1962. 260 $aLille :$bGiard,$c1962. 260 $aMontréal :$bLibr. Franciscaine,$c1962. 300 $a228 p. ;$c25 cm. 490 0 $aAnalecta mediaevalia Namurcensia ;$v14 650 4$aEconomia - Trattati - Sec. 16.$0(OLS)http://semarc/subject/14897 650 4$aPrestito.$0(OLS)http://semarc/subject/14898 700 1 $aHamelin, Alonso Marie .$0(OLS)http://semarc/name/90926 700 1 $aAlessandro : di Alessandria.$0(OLS)http://semarc/name/36331 830 0$aAnalecta mediaevalia Namurcensia ;$v14.$0(OLS)http://semarc/title/28639 850 $aSeMil 852 $aSeMil$W1$xVenegono$y1$m2Q V 208$j39623$B39623$CSeMilBibl$Z2$F39627 $81 996 $6245$aUn traité de morale économique au 14. siècle :$ble Tractatus de usuris de maître Alexandre d'Alexandrie$9(OLS)http://semarc/title/118645 996 $6260$aLouvain :$bNauwelaerts$9(OLS)http://semarc/publisher/29827 996 $6260$aMontréal :$bLibr. Franciscaine$9(OLS)http://semarc/publisher/42419 996 $6260$aLille :$bGiard$9(OLS)http://semarc/publisher/35557